000 01141nam a2200253 4500
005 20240530110954.0
008 221221s2022 ua g b 000 0 ara d
017 _a8044
_bمصر. دار الكتب
020 _a9789777333702
040 _aEG-CaGPL
_cEG-CaGPL
082 0 4 _221
_a210.4
_bإ د
100 0 _aابراهيم محمد على مرجونة
245 1 2 _aالدور السياسى والحضارى للنساء خلال العصر الاسلامى/
_cتاليف ابراهيم محمد على مرجونة، تيسير محمد محمد شادى
260 _aالاسكندرية :
_bدار التعليم الجامعى،
_c2022.
300 _a201 ص. ؛
_c24 سم.
504 _aيشتمل على ارجاعات ببليوجرافية
650 0 7 _2qrmak
_aالمرأة المسلمة
650 0 7 _2qrmak
_aالمرأة فى السياسة
650 0 7 _2qrmak
_aالمرأة فى الاسلام
653 0 _aالمرأة فى السياسة - العصر الاسلامى
700 0 _aتيسير محمد محمد شادى
_eمؤلف مشارك
942 _2ddc
_cBK
999 _c67055
_d67055